| 000 | 00635cam a22001697a 4500 | ||
|---|---|---|---|
| 008 | 180718b2007 xxu||||| |||| 00| 0 eng d | ||
| 020 | _a8131404536 | ||
| 082 | _aT33 Iy9 | ||
| 245 |
_aCase studies on ethics and corporate governance, vol.1 _cedited by H. Ramaseshan Iyer |
||
| 260 |
_aHyderabad _bICFAI Books _c2007 |
||
| 300 | _a251p. | ||
| 650 | _aIndustrial management -- Environmental aspects -- India | ||
| 650 | _aIndustrial management -- Social aspects -- India | ||
| 650 | _aSocial responsibility of business -- India -- Case studies | ||
| 650 | _aSocial responsibility of business -- India | ||
| 700 | _aIyer, H. Ramaseshan | ||
| 999 |
_c407937 _d407937 |
||